Statistics for Countries Ending In "-land"

Click here to take the quiz!

General Stats

  • This quiz has been taken 96 times
    (65 since last reset)
  • The average score is 5 of 7

Answer Stats

Country% Correct
Finland
85%
Iceland
81%
Ireland
81%
Poland
64%
Switzerland
63%
Thailand
61%
New Zealand
53%

Score Distribution

Percentile by Number Answered

Percent of People with Each Score

Your Score History

You have not taken this quiz since the last reset